Marx y el marxismo; estudios histórico-críticos /
Guardado en:
| Autor Principal: | |
|---|---|
| Formato: | Libro |
| Publicado: |
México :
Fondo de Cultura Econ¢mica,
1981
|
| Materias: | |
| Etiquetas: |
Agregar Etiqueta
Sin Etiquetas, Sea el primero en etiquetar este registro!
|
| LEADER | 00483nam a22001695a 4500 | ||
|---|---|---|---|
| 001 | CEM.cems008916 | ||
| 005 | 20060214000000.0 | ||
| 008 | 130507s1981##################000#0#####d | ||
| 003 | CEMS | ||
| 082 | 0 | 4 | |a 193 |
| 100 | 1 | |a Mondolfo, Rodolfo | |
| 245 | 1 | 0 | |a Marx y el marxismo; estudios histórico-críticos / |
| 260 | |a México : |b Fondo de Cultura Econ¢mica, |c 1981 | ||
| 300 | |a 244 p. | ||
| 653 | |a Filosofia | ||
| 653 | |a Marxismo | ||
| 859 | |a CEMS |b BIB. CEMS - 11 de abril |h 193 |i M745 |p 13702.85 |t Ej.1 | ||
